Modern Japan
محفوظ في:
| المؤلف الرئيسي: | |
|---|---|
| التنسيق: | كتاب |
| اللغة: | Undetermined |
| منشور في: |
London
Bodley Head
1975
|
| الموضوعات: | |
| الوسوم: |
إضافة وسم
لا توجد وسوم, كن أول من يضع وسما على هذه التسجيلة!
|
| Thư viện lưu trữ: | Trung tâm Học liệu Trường Đại học Cần Thơ |
|---|
| LEADER | 00483nam a2200205Ia 4500 | ||
|---|---|---|---|
| 001 | CTU_114820 | ||
| 008 | 210402s9999 xx 000 0 und d | ||
| 082 | |a 952.03 | ||
| 082 | |b B368 | ||
| 100 | |a Beasley, W.G. | ||
| 245 | 0 | |a Modern Japan | |
| 245 | 0 | |c W.G. Beasley | |
| 260 | |a London | ||
| 260 | |b Bodley Head | ||
| 260 | |c 1975 | ||
| 650 | |a Japan | ||
| 650 | |x History | ||
| 650 | |y 1868- | ||
| 904 | |i Tuyến | ||
| 980 | |a Trung tâm Học liệu Trường Đại học Cần Thơ | ||